[One Piece] Membres de la Marine en images - Statistiques

Statistiques générales
  • Ce quiz a été pris 147 fois
  • Le résultat moyen est 38 sur 106
Statistiques - réponses
Par images Réponse % Correct
Kizaru (Borsalino)
92%
Tashigi
92%
Monkey D. Dragon
89%
Morgan
89%
Aokiji (Kuzan)
88%
Akainu (Sakazuki)
87%
César Clown
87%
Koby
87%
Don Quichotte Rossinante
86%
Sengoku
86%
Monkey D. Garp
83%
Smoker
83%
Hermep
81%
Fujitora (Issho)
80%
Vegapunk
80%
Haguar D. Sauro
78%
Hina
78%
Sentomaru
78%
X Drake
78%
Jango
75%
Belmer
73%
Ryokugyu (Aramaki)
73%
Tsuru
71%
Vergo
70%
Kong
69%
Momonga
67%
Fullbody
66%
S-Bear
63%
S-Hawk
63%
S-Snake
63%
T. Bone
63%
Bastille
59%
Nezumi
54%
S-Shark
54%
Dalmatien
53%
Shû
45%
Very Good
43%
Doberman
42%
John Giant
42%
Onigumo
41%
Hibari
40%
Strawberry
40%
Bogart
39%
Prince Gles
37%
Brandnew
36%
Doll
36%
Pudding Pudding
33%
Maynard
31%
Kujaku
30%
Lacroix
30%
Momousagi (Gion)
28%
Cancer
27%
Stainless
24%
Chaton (Tokikake)
23%
Ronse
20%
Bluegrass
19%
Komir
19%
Sharinguru
19%
Rika
18%
Yamakaji
18%
Gorilla
14%
Mozambia
14%
Diez Barrels
13%
Jenfétro
13%
Red King
12%
Ripper
12%
Attach
11%
Kadar
11%
Catacombo
10%
Akehende
8%
Isuka
8%
Sicily
8%
Stalker
8%
Bakezo
7%
Candre
7%
Fishbonen
7%
Guillotine
7%
Hound
7%
Makko
7%
Nazu Ketagari
7%
Pike
7%
Pomsky
7%
Ratel
7%
Tosa
7%
Urban
7%
Zott
7%
Asahija
6%
Daigin
6%
Gal
6%
Glove
6%
Jero
6%
Kurouma (Tensei)
6%
Najime Sound
6%
Rokkaku
6%
Shine
6%
Sspaden
6%
Ukkari
6%
Aksatanain
5%
Bomba
5%
Koda
5%
Kyuji
5%
Lines
5%
Ototogisu
5%
Kibin
4%
Mashikaku
4%
Komakkov
2%
Aucun quiz correspondant
Distribution des résultats
% des personnes avec chaque résultat
Percentile par nombre de réponses
Votre historique - résultats
Vous n’avez pas pris ce quiz